00806nam a2200169 i 4500001000700000003000900007005001700016008004100033040002000074100004800094245008000142260007200222300002100294852017900315999001900494952012300513160881ES-MaACL20250730063142.0041004s1856 sp |||| | spa d aCAM bspa cCAM1 aOchoa de Alda, Teodoro, d1803-1878913059110aDon Luisito b: comedia original en dos actos / cde Teodoro Ochoa de Alda. aMadrid : b[s.n.], c1856 (fImprenta á cargo de Francisco Sales) a24 p. ; c19 cm. aES-MaACLjF-8557(8) z-- Enc. pasta española q-- Falto de la cub. originalz-- Enc. en un vol. facticio formando parte de la col. facticia "Teatro español moderno", v. 9 c160881d160881 001040708LIBXIXaATENEOMbATENEOMcSPP2d2008-01-17l0oF-8557(9)p1168480r2023-02-23 00:00:00w2023-02-23yMONANT